000 00786cab a2200253 4500
001 WB3507-53
008 090401t1999 xxu||||| |||| 00| 0 eng d
035 _a(Sirsi) u91438
041 _aeng
245 _aMove to control asset valuations
260 _c1999
350 _a0
490 _aFinancial Times
_v18 February 1999, 9(1)
520 _aThe Accountancy Standards Board has announced that it will stamp out the practice of companies allowing over-valued assets to flatter their balance sheets.
650 _aACCOUNTING STANDARDS BOARD
650 _aASSET VALUATIONS
650 _aBALANCE SHEETS
650 _aLEISURE INDUSTRY
650 _aOVER-VALUED ASSETS
650 _aRETAIL INDUSTRY
690 _aRATING AND VALUATION
942 _n0
948 _c18/02/1999
999 _c58048
_d58048